Central Library OPAC University of Rajshahi

The English language / (Record no. 50272)

MARC details
000 -LEADER
fixed length control field 00680nam a2200229 a 4500
001 - CONTROL NUMBER
control field 50272
003 - CONTROL NUMBER IDENTIFIER
rucl marc code BD-RjUL
005 - DATE AND TIME OF LATEST TRANSACTION
control field 20211209075502.0
008 - FIXED-LENGTH DATA ELEMENTS--GENERAL INFORMATION
fixed length control field 160824s1966 enk b 001 0 eng d
035 ## - SYSTEM CONTROL NUMBER
System control number (BD-RjUL)A419
040 ## - CATALOGING SOURCE
Original cataloging agency BD-RjUL
Language of cataloging eng
Transcribing agency BD-RjUL
Modifying agency BD-RjUL
041 ## - LANGUAGE CODE
Language code of text/sound track or separate title eng
082 ## - DEWEY DECIMAL CLASSIFICATION NUMBER
Classification number 420
Author mark and year SME 1966
100 1# - MAIN ENTRY--PERSONAL NAME
Personal name Smith, Logan Pearsall,
Dates associated with a name 1865-1946.
9 (RLIN) 150573
245 14 - TITLE STATEMENT
Title The English language /
Statement of responsibility, etc. Logan Pearsall Smith
250 ## - EDITION STATEMENT
Edition statement 3rd ed
260 ## - PUBLICATION, DISTRIBUTION, ETC. (IMPRINT)
Place of publication, distribution, etc. Oxford University Press :
Name of publisher, distributor, etc. London,
Date of publication, distribution, etc. c1966
300 ## - PHYSICAL DESCRIPTION
Pagination v, 137 p. ;
Size 17 cm.
650 #0 - SUBJECT ADDED ENTRY--TOPICAL TERM
Topical term or geographic name as entry element English language
9 (RLIN) 150574
830 #0 - SERIES ADDED ENTRY--UNIFORM TITLE
Uniform title Home university library of modern knowledge.
942 ## - ADDED ENTRY ELEMENTS (KOHA)
Source of classification or shelving scheme Dewey Decimal Classification
Koha item type Books
Holdings
Lost status Source of classification or shelving scheme Damaged status Not for loan Collection code Permanent Location Current Location Shelving location Date acquired Source of acquisition Cost, normal purchase price Total Checkouts Full call number Date last seen Copy number Koha item type Date checked out
  Dewey Decimal Classification     Non-fiction Central Library, University of Rajshahi Central Library, University of Rajshahi   25/10/1968 Zeithinger 7.60   420 SME 1966 24/08/2016 C-2 Books  
  Dewey Decimal Classification     Non-fiction Central Library, University of Rajshahi Central Library, University of Rajshahi   25/10/1968 Zeithinger 7.60   420 SME 1966 24/08/2016 C-3 Books  
  Dewey Decimal Classification     Non-fiction Central Library, University of Rajshahi Central Library, University of Rajshahi   25/10/1968 Zeithinger 7.60   420 SME 1966 24/08/2016 C-4 Books  
  Dewey Decimal Classification     Non-fiction Central Library, University of Rajshahi Central Library, University of Rajshahi   25/10/1968 Zeithinger 7.60 1 420 SME 1966 28/02/2017 C-5 Books 08/12/2016